000 00693cam a2200217 04500
001 45521
090 _a45521
100 _a19940113d1947 m y0pory5003 ba
101 0 _apor
102 _aPT
200 1 _aA carne na alimentacão e na economia agrária
_fJoaquim da Silva Portugal
210 9 _aLisboa
_cEdições Cosmos,
_dimp. 1947
215 _a139, [5] p.
_d20 cm
225 2 _aBiblioteca Cosmos
_h7.ª secção
_iProblemas do nosso tempo. Produção e Industria animal na Civilização Humana
_v117.
_v16
675 _a636
675 _a613.2
_vBN
_zpor
675 _a637.5
_vBN
_zpor
675 _a338.43
_vBN
_zpor
700 1 _aPortugal,
_bJoaquim da Silva,
_f1909-
801 0 _aPT
_bBN
_gRPC
990 _cLIVROS